[Event "Commonwealth-ch"]
[Site "New Delhi"]
[Date "2010.05.12"]
[Round "4"]
[White "Kunte, Abhijit"]
[Black "Srikanth, Ajay"]
[Result "1-0"]
[WhiteElo "2523"]
[BlackElo "2141"]
[PlyCount "91"]
[EventDate "2010.05.10"]
[EventType "swiss"]
[EventRounds "11"]
[EventCountry "IND"]
[SourceTitle "CBM 136 Extra"]
[Source "ChessBase"]
[SourceDate "2010.07.02"]
[SourceVersion "2"]
[SourceVersionDate "2010.07.15"]
[SourceQuality "1"]

1. d4 d5 2. c4 dxc4 3. Nf3 Nf6 4. e3 e6 5. Bxc4 c5 6. 0-0 a6 7. dxc5 Qxd1 8. Rxd1 Bxc5 9. Be2 0-0 10. Nbd2 Rd8 11. b3 b6 12. Ne5 Bb7 13. Nd3 Be7 14. Nc4 Nbd7 15. f3 a5 16. Bd2 Ba6 17. Kf2 Bxc4 18. bxc4 Nc5 19. Nxc5 Bxc5 20. Bc3 Rxd1 21. Rxd1 Kf8 22. g4 Ke7 23. g5 Ne8 24. h4 Rd8 25. Bd3 f6 26. Ke2 Kf7 27. Bg6+ Ke7 28. Rxd8 Kxd8 29. Bxh7 Ke7 30. Bg6 Nd6 31. Kd3 e5 32. f4 Ke6 33. gxf6 gxf6 34. h5 exf4 35. h6 Nf7 36. Bxf7+ Kxf7 37. h7 Kg7 38. Bxf6+ Kxh7 39. exf4 Bd6 40. Be5 Bb4 41. Bd4 Bd6 42. Ke4 Bc7 43. f5 Kg8 44. Kd5 a4 45. Kc6 Bf4 46. Bxb6 1-0

[Event "Chennai op 2nd"]
[Site "Chennai"]
[Date "2010.01.26"]
[Round "2"]
[White "Konguvel, Ponnuswamy"]
[Black "Srikanth, Ajay"]
[Result "1/2-1/2"]
[WhiteElo "2420"]
[BlackElo "2148"]
[PlyCount "52"]
[EventDate "2010.01.25"]
[EventType "swiss"]
[EventRounds "11"]
[EventCountry "IND"]
[SourceTitle "CBM 134 Extra"]
[Source "ChessBase"]
[SourceDate "2010.03.03"]
[SourceVersion "1"]
[SourceVersionDate "2010.03.03"]
[SourceQuality "1"]

1. e4 d6 2. d4 Nf6 3. Nc3 e5 4. Nf3 Nbd7 5. g4 h6 6. g5 hxg5 7. Bxg5 c6 8. Qd2 Be7 9. 0-0-0 Qc7 10. Rg1 b5 11. dxe5 dxe5 12. Bxf6 Nxf6 13. Rxg7 Bg4 14. Be2 Bf8 15. Nxb5 cxb5 16. Rxg4 Nxg4 17. Ng5 Bh6 18. Bxg4 Rd8 19. Qe3 Rxd1+ 20. Bxd1 Qe7 21. h4 f6 22. f4 exf4 23. Qc3 f3 24. Qc8+ Qd8 25. Qe6+ Qe7 26. Qc8+ Qd8 1/2-1/2

[Event "IND-ch U15"]
[Site "Mumbai"]
[Date "2009.11.07"]
[Round "8"]
[White "Ankit, R Rajpara"]
[Black "Srikanth, Ajay"]
[Result "1/2-1/2"]
[WhiteElo "2299"]
[BlackElo "2138"]
[PlyCount "78"]
[EventDate "2009.11.01"]
[EventType "swiss"]
[EventRounds "11"]
[EventCountry "IND"]
[SourceTitle "EXT 2011"]
[Source "ChessBase"]
[SourceDate "2010.11.26"]
[SourceVersion "1"]
[SourceVersionDate "2010.11.26"]
[SourceQuality "1"]

1. e4 d6 2. d4 Nf6 3. Nc3 e5 4. Nf3 Nbd7 5. Bc4 Be7 6. 0-0 0-0 7. Re1 c6 8. a4 b6 9. Ba2 a6 10. h3 Rb8 11. Be3 b5 12. axb5 axb5 13. b4 Qc7 14. Qe2 exd4 15. Nxd4 Re8 16. Rad1 Ne5 17. f4 Ng6 18. Qf3 d5 19. exd5 Bxb4 20. Bf2 Rxe1+ 21. Rxe1 Qxf4 22. Qxf4 Nxf4 23. Nxc6 Bxc3 24. Nxb8 Bxe1 25. Bxe1 N4xd5 26. Nc6 Kf8 27. c4 bxc4 28. Bxc4 Bb7 29. Ne5 Ke7 30. g4 Ne4 31. Bxd5 Bxd5 32. Bb4+ Ke6 33. Nd3 Ng5 34. Kh2 Bc4 35. Nf4+ Ke5 36. Nh5 g6 37. Bc3+ Ke4 38. Nf6+ Kd3 39. Bb2 h6 1/2-1/2

[Event "IND-ch U11 20th"]
[Site "Chennai"]
[Date "2006.11.11"]
[Round "11"]
[White "Abhilash, Reddy A"]
[Black "Srikanth, Ajay"]
[Result "1-0"]
[WhiteElo "2031"]
[BlackElo "1969"]
[PlyCount "95"]
[EventDate "2006.11.04"]
[EventType "swiss"]
[EventRounds "11"]
[EventCountry "IND"]
[SourceTitle "EXT 2010"]
[Source "ChessBase"]
[SourceDate "2010.11.25"]
[SourceVersion "1"]
[SourceVersionDate "2010.11.25"]
[SourceQuality "1"]

1. d4 d5 2. Nf3 Nf6 3. c4 dxc4 4. Nc3 a6 5. a4 Nc6 6. e3 Na5 7. Ne5 e6 8. Nxc4 Bb4 9. Ne5 b6 10. Bd3 Bb7 11. Bd2 Bxc3 12. bxc3 Qd5 13. f3 Nc6 14. c4 Qd6 15. Bc3 Rd8 16. Nxc6 Bxc6 17. a5 Bb7 18. Qb3 e5 19. c5 Qe7 20. axb6 exd4 21. Qa4+ c6 22. Bxd4 0-0 23. 0-0 Nd5 24. Rfe1 Qh4 25. Qb3 Rde8 26. Re2 Re6 27. Qb2 Rfe8 28. Bxa6 Bxa6 29. Rxa6 h6 30. g3 Qh5 31. b7 Nf4 32. exf4 Rxe2 33. Qxe2 Rxe2 34. b8Q+ Kh7 35. Qb1+ g6 36. Bf2 Qxf3 37. Qf1 Rd2 38. Ra1 h5 39. Re1 h4 40. Be3 Qxf1+ 41. Rxf1 Rd3 42. Kf2 Rc3 43. gxh4 Kh6 44. Rc1 Rb3 45. f5+ Kh5 46. fxg6 fxg6 47. Rg1 Rb2+ 48. Kf3 1-0

[Event "IND-ch U11 20th"]
[Site "Chennai"]
[Date "2006.11.09"]
[Round "8"]
[White "Srikanth, Ajay"]
[Black "Majumdar, Chandrasish"]
[Result "1-0"]
[WhiteElo "1969"]
[BlackElo "2000"]
[PlyCount "71"]
[EventDate "2006.11.04"]
[EventType "swiss"]
[EventRounds "11"]
[EventCountry "IND"]
[SourceTitle "EXT 2010"]
[Source "ChessBase"]
[SourceDate "2010.11.25"]
[SourceVersion "1"]
[SourceVersionDate "2010.11.25"]
[SourceQuality "1"]

1. d4 d5 2. c4 dxc4 3. Nf3 Nf6 4. e3 e6 5. Bxc4 c5 6. Qe2 a6 7. dxc5 Bxc5 8. 0-0 b5 9. Bd3 Qb6 10. a4 b4 11. Nbd2 0-0 12. e4 e5 13. Nc4 Qc7 14. Bg5 Bg4 15. Ncxe5 Qxe5 16. Nxe5 Bxe2 17. Bxe2 Nxe4 18. Bf3 f5 19. Nd3 Bd6 20. Rfe1 h6 21. Bf4 Bxf4 22. Nxf4 Re8 23. Nd5 Ra7 24. Nxb4 Rb7 25. Nd3 Kf7 26. g4 Rd7 27. gxf5 Rxd3 28. Bh5+ Kf8 29. Bxe8 Nf6 30. Bg6 Nc6 31. Rad1 Ne5 32. Rxd3 Nxd3 33. Re6 Nc5 34. Rc6 Nxa4 35. b3 Nb2 36. Rxa6 1-0